| 000 | 01612cad a22002055a 4500 | ||
|---|---|---|---|
| 001 | L154150 | ||
| 008 | 111020s2011 xxk 000 0 eng d | ||
| 035 | _a(Sirsi) u154150 | ||
| 041 | 0 | _aeng | |
| 110 | 2 |
_aLeading Edge _95902 |
|
| 245 | 0 | 0 |
_aConstruction output forecast 2011-2015 _h[electronic resource] |
| 260 |
_aWokingham _bLeading Edge _c2011 |
||
| 505 | 2 | _aExecutive summary -- The UK economy -- The GB construction sector -- Output forecasts by construction sector -- Summary of output: actual and forecasts 1990 - 2015 -- Regional construction output 2007 - 2011 (current prices) -- Housing sector public and private -- Infrastructure sector -- Public sector including split by education & health -- Industrial sector -- Commercial sector -- Repair & Maintenance housing sector public and private -- Repair & Maintenance non housing sector -- Quarterly historic new output by construction sector current prices -- Forecasts by selected building material sectors -- Summary of output: actual and forecast 1990 - 2015 -- Output graphs: Bricks, blocks, RMC, cementitious materials -- Appendix 1: Forecast methodology -- Appendix 2: The use of forecasts -- Appendix 3: Background to Leading Edge -- Appendix 4: CPD Self assessment record. | |
| 520 | _aDetails and brief summary of a forecast for the UK Construction output. | ||
| 590 | _aKA | ||
| 651 | 4 |
_aUnited Kingdom _y |
|
| 690 | _aBUILT ENVIRONMENT-CONSTRUCTION MARKET | ||
| 856 | 4 | 8 |
_uhttps://www.lead-edge.co.uk/Downloads%20and%20reports/construction-output-forecast _zView details of the forecast estimates at www.lead-edge.co.uk |
| 942 | _n0 | ||
| 999 |
_c112865 _d112865 |
||